00542nam a2200193 a 4500001001300000003000900013005001700022008004100039020000900080082001600089100002800105245006300133260003800196300000800234500003500242505001000277650003300287700002800320nice12345678IN_TiNIC20260116013728.0050524s1998 dela grp 000 0 eng  ac4000a297.64bALA aAl-Akkad, Abbas Mahmood aHazrat Bilalb the First Muadhdhin of the Prophet of Islam aDelhibIslamic Book Servicec1998 a90p aincludes index and biblioraphy2 aIndex aMuhammad, Prophet-Companions1 aAl-Akkad, Abbas Mahmood